000 01084nam a22001937a 4500
999 _c59394
_d59394
003 Ge_BSU
005 20230208161553.0
008 230208s2002 ge ||||| |||| 00| 0 geo d
020 _a9994070541
041 _ageo
080 _a341.241 + 347.779 ძ-21
100 _aძამუკაშვილი, დავით
_9925
245 _aსაერთაშორისო ხელშეკრულებები და კონვენციები :
_bინტელექტუალური საკუთრების სამართალი /
_cდავით ძამუკაშვილი; [რედ.: რომან შენგელია].
264 _aთბილისი :
_bსანი,
_c2002.
300 _a315გვ. ;
_b20სმ.
653 _aსაერთაშორისო ხელშეკრულებები
653 _aსაერთაშორისო კონვენციები. ინტელექტუალური საკუთრების სამართალი
942 _2udc
_cBK